000
00220nam a22001097a 4500
040
_c
SK
082
_a
613
100
_a
HUNT DONNELL
245
_a
Farm power and machinery management
260
_a
NA
_b
HUN
_c
NA
942
_c
EK
999
_c
8744
_d
8744